Movie Directors Quiz Stats

 Plays Quiz Updated Dec 17, 2018

     
Support Sporcle.
Go Orange.
Score 0/20 Timer 06:00
3 Plays Today
Movie Director % Correct
Schindler's ListSteven Spielberg
90.7%
Star WarsGeorge Lucas
89.6%
Pulp FictionQuentin Tarantino
87.8%
TitanicJames Cameron
85.8%
Rear WindowAlfred Hitchcock
75.3%
FargoJoel Coen
73.8%
Blazing SaddlesMel Brooks
69.5%
GoodfellasMartin Scorsese
69.3%
AlienRidley Scott
68.9%
ClerksKevin Smith
66.1%
Movie Director % Correct
Apocalypse NowFrancis Ford Coppola
63.6%
Do the Right ThingSpike Lee
58.7%
PlatoonOliver Stone
55%
BrazilTerry Gilliam
42%
It's a Wonderful LifeFrank Capra
36.2%
On the WaterfrontElia Kazan
28.6%
The GraduateMike Nichols
28.3%
One Flew Over the Cuckoo's NestMilos Forman
26.2%
The PianoJane Campion
18.9%
SinglesCameron Crowe
18.2%

From the Vault

Big 4 Sports Teams Formed Before 1960

by DJC_83

Sports 4m
These teams are old enough to qualify for retirement.
Remove Ads.
Support Sporcle.
Get the best of Sporcle when you Go Orange. This ad-free experience offers more features, more stats, and more fun while also helping to support Sporcle. Thank you for becoming a member.

Show Comments

Extras

Top Quizzes Today


Score Distribution

Your Account Isn't Verified!

In order to create a playlist on Sporcle, you need to verify the email address you used during registration. Go to your Sporcle Settings to finish the process.

Report this User

Report this user for behavior that violates our Community Guidelines.

Details: